[Event "DRUZYNOWE MISTRZOSTWA POLSKI JUNIOROW - II LIGA"]
[Site "Szczyrk, CKiR Orle Gniazdo ul. Wrzosowa 28a"]
[Date "2014-08-01"]
[Round "10.26"]
[White "Krzeminski, Sebastian"]
[Black "Janiszewski, Filip"]
[Result "1-0"]
[WhiteTitle "II+"]
[BlackTitle "I"]
[WhiteElo "1704"]
[BlackElo "1825"]

1. d4 Nf6 2. Nf3 g6 3. Bg5 Bg7 4. c4 O-O 5. Nc3 c5 6. d5 d6 7. e4 h6 8. Bh4 Qa5
9. Qd2 a6 10. Bd3 Bd7 11. O-O g5 12. Bg3 b5 13. e5 dxe5 14. Nxe5 bxc4 15. Nxc4
Qd8 16. f4 g4 17. f5 Bb5 18. Bf4 Kh7 19. b3 Nbd7 20. Rae1 Nb6 21. a4 Bxc4 22.
bxc4 Qd7 23. a5 Nc8 24. Qe3 Ra7 25. Ne4 Nxe4 26. f6 exf6 27. Qxe4+ f5 28. Qxf5+
Qxf5 29. Bxf5+ Kg8 30. Bxg4 Rb7 31. d6 Na7 32. d7 h5 33. Re8 Nc6 34. Bf3 Rxd7
35. Rxf8+ Bxf8 36. Bxc6 Rd4 37. Bd5 1-0

[Event "DRUZYNOWE MISTRZOSTWA POLSKI JUNIOROW - II LIGA"]
[Site "Szczyrk, CKiR Orle Gniazdo ul. Wrzosowa 28a"]
[Date "2014-08-01"]
[Round "10.27"]
[White "Dixa, Oskar"]
[Black "Urbanski, Wojciech"]
[Result "1/2-1/2"]
[WhiteTitle "I"]
[BlackTitle "II"]
[WhiteElo "1496"]
[BlackElo "1512"]

1. e4 c5 2. Nf3 d6 3. d4 cxd4 4. Nxd4 Nf6 5. Nc3 a6 6. f3 e5 7. Nb3 Be6 8. Be3
Nbd7 9. Qd2 Qc7 10. O-O-O Be7 11. g4 b5 12. a3 Bxb3 13. cxb3 Nc5 14. Qc2 O-O 15.
b4 Ne6 16. Kb1 Rfc8 17. Qd2 Qb7 18. h4 Ne8 19. h5 h6 20. Nd5 Bg5 21. Nb6 Qxb6
22. Bxb6 Bxd2 23. Rxd2 Rc6 24. Be3 Rac8 25. Bd3 f6 26. Bc2 Kf7 27. Bb3 Ke7 28.
Rhd1 N6c7 29. Bf2 Na8 30. Bd5 R6c7 31. Bb3 Rb8 32. Rc1 Rxc1+ 33. Kxc1 Kd7 34.
Rc2 Nb6 35. Bxb6 Rxb6 36. Kd2 Rc6 37. Be6+ Kc7 38. Bf7 Rxc2+ 39. Kxc2 Kd7 40.
Bd5 Kc8 41. Kd3 Nc7 42. Ke3 Kd7 43. Ke2 Kd8 44. Ke3 Ke7 45. Bb3 Kd8 46. Bd5 Kc8
47. Kd3 Kd7 1/2-1/2

[Event "DRUZYNOWE MISTRZOSTWA POLSKI JUNIOROW - II LIGA"]
[Site "Szczyrk, CKiR Orle Gniazdo ul. Wrzosowa 28a"]
[Date "2014-08-01"]
[Round "10.28"]
[White "Warchol, Bartosz"]
[Black "Skurniak, Szymon"]
[Result "1-0"]
[WhiteTitle "II"]
[BlackTitle "II+"]
[WhiteElo "1510"]
[BlackElo "1351"]

1. d4 d5 2. c4 c6 3. Nf3 Nf6 4. Qc2 Bg4 5. Ne5 Bh5 6. e3 Nbd7 7. Nxd7 Qxd7 8. Bd3
e6 9. O-O dxc4 10. Bxc4 b5 11. Bd3 Rc8 12. Bd2 c5 13. Rc1 c4 14. b3 c3 15. Nxc3
a6 16. Qb2 Be7 17. Ne4 O-O 18. b4 Nxe4 19. Bxe4 f5 20. Bc2 Rc6 21. Bb3 Rfc8 22.
Rxc6 Rxc6 23. a4 Be2 24. Qa2 Bc4 25. axb5 axb5 26. Qb2 Qc8 27. Rc1 Bxb4 28. Bxc4
Bxd2 29. Bxe6+ Qxe6 30. Qxd2 Rxc1+ 31. Qxc1 b4 32. Kf1 b3 33. Ke1 Qb6 34. Qb2
Qb4+ 35. Kd1 Kf7 36. Qd2 Qa4 37. Qb2 Ke6 38. Kd2 Kd5 39. f3 Qc4 40. Qc3 Qa4 41.
Qc5+ Ke6 42. Qe5+ Kf7 43. Qxf5+ Kg8 44. Kc3 Qa2 45. Qd5+ Kf8 46. Qxb3 Qxg2 47.
Qb8+ Kf7 48. Qc7+ Kf8 49. Qf4+ Kg8 50. d5 Qa2 51. Kd4 Qb2+ 52. Ke4 Qc2+ 53. Ke5
Qb2+ 54. Ke6 Qb6+ 55. d6 Qb3+ 56. Ke7 g5 57. Qf8# 1-0

[Event "DRUZYNOWE MISTRZOSTWA POLSKI JUNIOROW - II LIGA"]
[Site "Szczyrk, CKiR Orle Gniazdo ul. Wrzosowa 28a"]
[Date "2014-08-01"]
[Round "10.29"]
[White "Gudelajtis, Anna"]
[Black "Gaudyn, Renata"]
[Result "1/2-1/2"]
[WhiteTitle "I"]
[BlackTitle "I"]
[WhiteElo "1507"]
[BlackElo "1597"]

1. e4 c5 2. Nf3 d6 3. d4 cxd4 4. Nxd4 Nf6 5. Nc3 a6 6. Bg5 Nbd7 7. f4 Qc7 8. Qf3
b5 9. Bd3 Bb7 10. O-O-O g6 11. Kb1 Bg7 12. Nce2 Nc5 13. Bxf6 Bxf6 14. g4 O-O-O
15. h4 Kb8 16. g5 Bg7 17. h5 e5 18. h6 Bf8 19. fxe5 dxe5 20. Nb3 Nxb3 21. axb3
Bd6 22. Rhf1 Rdf8 23. Nc3 Qe7 24. Qg4 Bc8 25. Qh4 Be6 26. Nd5 Bxd5 27. exd5 Re8
28. Be4 Rhf8 29. Rf6 Qc7 30. Rdf1 Rd8 31. Qg3 a5 32. Qg2 b4 33. Qg4 Qc8 34. Qg1
Qc7 35. Qg4 Qc8 36. Qg1 Qc7 37. Qg4 Qc8 38. Qg1 Qc7 1/2-1/2

[Event "DRUZYNOWE MISTRZOSTWA POLSKI JUNIOROW - II LIGA"]
[Site "Szczyrk, CKiR Orle Gniazdo ul. Wrzosowa 28a"]
[Date "2014-08-01"]
[Round "10.30"]
[White "Waszczuk, Patrycja"]
[Black "Wawrzyniak, Weronika"]
[Result "1/2-1/2"]
[WhiteTitle "I"]
[BlackTitle "II"]
[WhiteElo "1519"]
[BlackElo "1216"]

1. e4 e6 2. d4 d5 3. Nc3 Nf6 4. e5 Nfd7 5. Nf3 c5 6. Bf4 Nc6 7. Bb5 a6 8. Bxc6
bxc6 9. O-O Be7 10. Re1 O-O 11. Qd2 Rb8 12. Rab1 c4 13. Bg5 f6 14. exf6 Nxf6 15.
Ne5 Bd7 16. Qe2 Ne8 17. Bxe7 Qxe7 18. Nxd7 Qxd7 19. Qxe6+ Qxe6 20. Rxe6 Rf6 21.
Re7 Rf7 22. Rxf7 Kxf7 23. Na4 Nd6 24. Nc5 c3 25. b3 Rb4 26. Na4 Nb5 27. Rd1 Rxd4
28. Rxd4 Nxd4 29. Nxc3 Nxc2 30. Kf1 Ke6 31. Ke2 Nd4+ 32. Kd3 Nb5 33. Ne2 c5 34.
f3 Na7 35. h3 Nc6 36. a3 Ne5+ 37. Ke3 a5 38. f4 Nc6 39. g4 g6 40. Nc1 Nd4 41.
Kd3 Nb5 42. a4 Nd4 43. Ke3 Nc2+ 44. Kd3 Nb4+ 45. Kc3 h5 46. Ne2 hxg4 47. hxg4
Kf6 48. Ng3 Nc6 49. Ne2 Nd8 50. Nc1 Nb7 51. Nd3 Ke6 52. Kd2 c4 53. bxc4 dxc4 54.
Ne5 Nd6 55. Kc3 g5 56. Nxc4 Nxc4 57. Kxc4 gxf4 58. Kd4 Kf6 59. Ke4 Kg5 60. Kf3
Kf6 61. Kxf4 Kg6 62. g5 Kg7 63. Kf5 Kf7 64. g6+ Kg7 65. Kg5 Kg8 66. Kf6 Kh8 67.
Ke5 Kg7 68. Kd5 Kxg6 69. Kc5 Kf6 70. Kb5 Ke6 71. Kxa5 Kd7 72. Kb6 Kc8 73. Ka7
Kc7 74. a5 Kc8 75. a6 Kc7 76. Ka8 Kc8 1/2-1/2

[Event "DRUZYNOWE MISTRZOSTWA POLSKI JUNIOROW - II LIGA"]
[Site "Szczyrk, CKiR Orle Gniazdo ul. Wrzosowa 28a"]
[Date "2014-08-01"]
[Round "10.31"]
[White "Snihur, Piotr"]
[Black "Lizak, Jakub"]
[Result "1/2-1/2"]
[WhiteTitle "k"]
[BlackTitle "I++"]
[WhiteElo "2147"]
[BlackElo "1980"]

1. d4 Nf6 2. c4 e6 3. Nf3 c5 4. g3 cxd4 5. Nxd4 Nc6 6. Bg2 d5 7. cxd5 exd5 8. O-O
Be7 9. Nc3 O-O 10. Bf4 Be6 11. Qd2 Nxd4 12. Qxd4 Qa5 13. Rfd1 Rfd8 14. Rac1 Rac8
15. Be3 Bc5 16. Qf4 Bxe3 17. Qxe3 Rc4 18. Rd4 Qb4 19. Rcd1 Rxd4 20. Qxd4 Qxb2
21. h4 b6 22. e4 Rc8 23. exd5 Bg4 24. Ne4 Qxd4 25. Rxd4 Bd7 26. Nxf6+ gxf6 27.
Be4 f5 28. Bd3 Kg7 29. Rf4 Rc5 30. Bxf5 Rxd5 31. Bxd7 Rxd7 32. Kg2 b5 33. a4 a6
34. axb5 axb5 35. Rb4 Rb7 36. Kf3 Kf6 37. g4 Ke6 38. Ke4 Kd6 39. Kd4 Kc6 40. Rb3
Rd7+ 41. Ke5 Kc5 42. Rc3+ Kb4 43. Rc8 Kb3 44. Kf6 Rd4 45. Kg5 Rd5+ 1/2-1/2

[Event "DRUZYNOWE MISTRZOSTWA POLSKI JUNIOROW - II LIGA"]
[Site "Szczyrk, CKiR Orle Gniazdo ul. Wrzosowa 28a"]
[Date "2014-08-01"]
[Round "10.32"]
[White "Szolc, Grzegorz"]
[Black "Matlewski, Adam"]
[Result "0-1"]
[WhiteTitle "I"]
[BlackTitle "I"]
[WhiteElo "1883"]
[BlackElo "1685"]

1. e4 c6 2. Nf3 d5 3. exd5 cxd5 4. Ne5 Nf6 5. d4 g6 6. c3 Bg7 7. Bd3 O-O 8. O-O
Bf5 9. Bxf5 gxf5 10. Qf3 e6 11. Bg5 Qb6 12. Bxf6 Bxf6 13. b3 Bxe5 14. dxe5 Kh8
15. Kh1 Nd7 16. Re1 Qc7 17. Na3 a6 18. Rac1 Rac8 19. Qe2 b5 20. Nb1 Rg8 21. f4
Rg4 22. Rf1 Rcg8 23. Rf3 Qc6 24. Nd2 Nb6 25. Nf1 d4 26. Rc2 Qe4 27. cxd4 Rxg2
28. Qxg2 Rxg2 29. Rxg2 Qxf3 30. Ng3 Nd5 0-1

[Event "DRUZYNOWE MISTRZOSTWA POLSKI JUNIOROW - II LIGA"]
[Site "Szczyrk, CKiR Orle Gniazdo ul. Wrzosowa 28a"]
[Date "2014-08-01"]
[Round "10.33"]
[White "Leskiewicz, Ignacy"]
[Black "Tustanowski, Mateusz"]
[Result "0-1"]
[WhiteTitle "I"]
[BlackTitle "I"]
[WhiteElo "1683"]
[BlackElo "1760"]

1. e4 c5 2. Nf3 a6 3. c3 Nc6 4. Be2 d6 5. O-O Nf6 6. Qc2 e5 7. d3 g6 8. Bg5 Bg7
9. Nbd2 h6 10. Bh4 g5 11. Bg3 Nh5 12. Nb3 f5 13. exf5 Bxf5 14. Nfd2 Nf4 15. Ne4
O-O 16. f3 b6 17. Bf2 Qd7 18. Ng3 Bh3 19. Be3 Nxg2 20. Bc1 Rf7 21. Rf2 Nh4 22.
Be3 Raf8 23. Nd2 d5 24. Ndf1 Nxf3+ 25. Bxf3 Rxf3 26. Rxf3 Rxf3 27. Qe2 Qf7 28.
Nd2 Rf6 29. c4 d4 30. Bf2 Nb4 31. Nge4 Re6 32. a3 Nc6 33. Rb1 a5 34. Kh1 Qf5 35.
Rg1 g4 36. Bg3 Bf6 37. Nf2 Bg5 38. Nxh3 gxh3 39. Rf1 Bf4 40. Ne4 Rg6 41. Qf3 Kg7
42. Bxf4 Qxf4 43. Qxf4 exf4 44. Rxf4 Ne5 45. Nf2 Rf6 46. Rxf6 Kxf6 47. Kg1 Nf3+
48. Kf1 Nxh2+ 49. Ke2 Kf5 50. Nxh3 a4 51. Nf2 Ng4 52. Ne4 Ne5 53. Nd6+ Kf4 54.
Nc8 Nd7 55. Ne7 h5 56. Kf2 h4 57. Nd5+ Kg4 58. Kg2 h3+ 59. Kh2 Kh4 60. Nf4 Ne5
61. Kg1 Kg3 62. Nh5+ Kf3 0-1

[Event "DRUZYNOWE MISTRZOSTWA POLSKI JUNIOROW - II LIGA"]
[Site "Szczyrk, CKiR Orle Gniazdo ul. Wrzosowa 28a"]
[Date "2014-08-01"]
[Round "10.34"]
[White "Szeliga, Sebastian"]
[Black "Krol, Marcin"]
[Result "0-1"]
[WhiteTitle "II"]
[BlackTitle "II+"]
[WhiteElo "1183"]
[BlackElo "1595"]

1. e4 c5 2. Nf3 Nc6 3. Bb5 Nd4 4. Nxd4 cxd4 5. O-O g6 6. c3 Bg7 7. d3 Qb6 8. Bc4
e6 9. Bf4 Qxb2 10. Nd2 dxc3 11. Nb3 c2 12. Qd2 Bc3 13. Qc1 a5 14. Qxb2 Bxb2 15.
Rae1 a4 16. Nc1 Ne7 17. Re2 O-O 18. Rxc2 Bg7 19. Bd6 Re8 20. Bb5 Nc6 21. Rc4 Ra5
22. Bxc6 dxc6 23. Bc7 Ra6 24. Ne2 b5 25. Rc2 e5 26. Bd6 Rd8 27. Bc5 Rxd3 28. Nc3
Be6 29. Rd1 Rxd1+ 30. Nxd1 Bf8 31. Be3 c5 32. Nc3 b4 33. Nd5 Bxd5 34. exd5 b3
35. Rb2 c4 36. axb3 axb3 37. Rb1 b2 38. Rxb2 Ra1+ 39. Rb1 Rxb1+ 40. Bc1 Rxc1#
0-1

[Event "DRUZYNOWE MISTRZOSTWA POLSKI JUNIOROW - II LIGA"]
[Site "Szczyrk, CKiR Orle Gniazdo ul. Wrzosowa 28a"]
[Date "2014-08-01"]
[Round "10.35"]
[White "Momot, Weronika"]
[Black "Wojcik, Jagoda"]
[Result "1-0"]
[WhiteTitle "I"]
[BlackTitle "I"]
[WhiteElo "1479"]
[BlackElo "1379"]

1. c4 Nf6 2. g3 e6 3. Bg2 d5 4. Nf3 dxc4 5. Qa4+ Nbd7 6. Qxc4 c5 7. O-O a6 8. Qc2
Bd6 9. d4 O-O 10. Re1 Qc7 11. e4 cxd4 12. Qxc7 Bxc7 13. Nxd4 e5 14. Nb3 b5 15.
Nc3 Bb7 16. Be3 Bc6 17. Nd5 Bd6 18. Rac1 Rac8 19. a3 Ba8 20. Na5 Kh8 21. b4 Rxc1
22. Rxc1 Nxd5 23. exd5 Nf6 24. Bg5 h6 25. Bxf6 gxf6 26. Nc6 Kg7 27. Be4 Rc8 28.
Bf5 Rc7 29. Kg2 h5 30. Kh3 Kh6 31. Kh4 Bb7 32. g4 Bc8 33. Bxc8 Rxc8 34. gxh5 e4
35. Re1 f5 36. Nd4 Be7+ 37. Kh3 Rc3+ 38. Re3 Rxe3+ 39. fxe3 Kxh5 40. Nxf5 Bf6
41. Ng3+ Kg6 42. Nxe4 Bd8 43. Nc5 Bb6 44. e4 a5 45. Kg4 axb4 46. axb4 Bc7 47.
h4 Be5 48. h5+ Kh6 49. Nd3 Bc7 50. e5 Bd8 51. d6 Bg5 52. d7 Bd8 53. Nc5 1-0

[Event "DRUZYNOWE MISTRZOSTWA POLSKI JUNIOROW - II LIGA"]
[Site "Szczyrk, CKiR Orle Gniazdo ul. Wrzosowa 28a"]
[Date "2014-08-01"]
[Round "10.36"]
[White "Kawecka, Malgorzata"]
[Black "Waligora, Julia"]
[Result "1-0"]
[WhiteTitle "II+"]
[BlackTitle "II+"]
[WhiteElo "1235"]
[BlackElo "1271"]

1. e4 e6 2. d4 d5 3. Bd3 dxe4 4. Bxe4 Nf6 5. Bf3 Nc6 6. Ne2 Bd6 7. O-O O-O 8. Nbc3
Re8 9. Bg5 Be7 10. Qd2 Nd5 11. Bxe7 Ndxe7 12. Rad1 Nf5 13. Bxc6 bxc6 14. b3 Bb7
15. Ne4 Qd5 16. N2c3 Qd7 17. Nc5 Qc8 18. Nxb7 Qxb7 19. Ne4 Rad8 20. Qg5 Kh8 21.
Qh5 Nd6 22. Ng5 h6 23. Nxf7+ Nxf7 24. Qxf7 Qc8 25. Rd3 Rd7 26. Qg6 Qd8 27. Rg3
Qe7 28. c3 Qa3 29. Qxe8+ Kh7 30. Qxd7 Qf8 31. Qxc6 Qf7 32. Qe4+ Kh8 33. Re1 Qf8
34. Qxe6 Qf4 35. Qe8+ Kh7 36. Qg6+ Kh8 37. Qxg7# 1-0

[Event "DRUZYNOWE MISTRZOSTWA POLSKI JUNIOROW - II LIGA"]
[Site "Szczyrk, CKiR Orle Gniazdo ul. Wrzosowa 28a"]
[Date "2014-08-01"]
[Round "10.37"]
[White "Drozniak, Stanislaw"]
[Black "Osinski, Emil"]
[Result "0-1"]
[WhiteTitle "II+"]
[BlackTitle "I"]
[WhiteElo "1579"]
[BlackElo "1937"]

1. e4 c5 2. Nf3 e6 3. d4 cxd4 4. Nxd4 Nc6 5. Nc3 Nf6 6. Be3 Bb4 7. Bd3 d5 8. Nxc6
bxc6 9. e5 d4 10. O-O dxc3 11. exf6 Qxf6 12. bxc3 Bxc3 13. Rb1 O-O 14. Be4 Ba6
15. Bxc6 Rad8 16. Qc1 Bxf1 17. Bg5 Qg6 18. Bxd8 Bxg2 19. Bxg2 Rxd8 20. Rb7 Qg4
21. f3 Qd4+ 22. Kh1 h6 23. Bh3 Qd5 24. Rb1 Qxf3+ 25. Bg2 Qh5 26. Qf1 Be5 27. h3
Rd2 28. Rc1 Qg5 29. a4 Rxg2 0-1

[Event "DRUZYNOWE MISTRZOSTWA POLSKI JUNIOROW - II LIGA"]
[Site "Szczyrk, CKiR Orle Gniazdo ul. Wrzosowa 28a"]
[Date "2014-08-01"]
[Round "10.38"]
[White "Wolniaczyk, Bartosz"]
[Black "Wodecki, Mikolaj"]
[Result "1-0"]
[WhiteTitle "II"]
[BlackTitle "III"]
[WhiteElo "1581"]
[BlackElo "1374"]

1. e4 e5 2. Nf3 Nc6 3. Bb5 f5 4. d3 fxe4 5. dxe4 Nf6 6. O-O Bc5 7. Bxc6 bxc6 8.
Nxe5 O-O 9. Bg5 Qe8 10. Bxf6 Rxf6 11. Nd3 Bd4 12. c3 Bb6 13. e5 Rg6 14. Qf3 d6
15. Nd2 Bg4 16. Qe4 d5 17. Qe1 Qf7 18. Kh1 Qf5 19. Nc1 Qh5 20. f3 Rh6 21. Qg3
Be6 22. Nd3 Rg6 23. Nf4 Rxg3 24. Nxh5 Rg5 25. g4 Rxe5 26. Ng3 Bd7 27. Nb3 c5 28.
Rad1 Bc6 29. Kg2 Rd8 30. Rfe1 Rxe1 31. Rxe1 d4 32. Nf5 Bb7 33. cxd4 cxd4 34. Nd2
Ba5 35. Rd1 Re8 36. Nxd4 Bb6 37. N2b3 Rd8 38. Rd2 c5 39. Nf5 Rxd2+ 40. Nxd2 g6
41. Ng3 Bd5 42. b3 Ba5 43. Nde4 Bxe4 44. Nxe4 Bb6 45. f4 Kf7 46. Ng5+ Kg7 47.
Kf3 h6 48. Ne4 h5 49. h3 hxg4+ 50. hxg4 Kf7 51. f5 gxf5 52. gxf5 1-0

[Event "DRUZYNOWE MISTRZOSTWA POLSKI JUNIOROW - II LIGA"]
[Site "Szczyrk, CKiR Orle Gniazdo ul. Wrzosowa 28a"]
[Date "2014-08-01"]
[Round "10.39"]
[White "Gazik, Jakub"]
[Black "Guzik, Natalia"]
[Result "0-1"]
[WhiteTitle "II"]
[BlackTitle "I+"]
[WhiteElo "1461"]
[BlackElo "1539"]

1. d4 d5 2. Nf3 Nf6 3. e3 e6 4. Bd3 Be7 5. b3 c5 6. Bb2 O-O 7. Nbd2 a6 8. O-O b5
9. dxc5 Bxc5 10. Ng5 Nbd7 11. Re1 Bb7 12. e4 h6 13. e5 hxg5 14. exf6 Nxf6 15.
Re5 g4 16. Be2 Bd6 17. Re3 d4 18. Bxd4 Bxh2+ 19. Kxh2 Qxd4 20. Kg1 Qd5 21. Rg3
Rad8 22. Nf1 Qc6 23. Qc1 Rd4 24. Ne3 Rfd8 25. Nxg4 Ne4 26. Rh3 Nxf2 27. Rg3 Nxg4
28. Bxg4 Qd6 29. Qe3 Re4 30. Qf2 Qd4 31. Qxd4 Rexd4 32. Be2 Be4 33. c4 Rd2 34.
cxb5 Rxe2 35. bxa6 Ra8 36. b4 Rxa6 37. a4 Rb2 38. b5 Rxb5 39. Re1 Rxa4 40. Rg4
f5 41. Rg3 Ra2 42. Kh2 Rbb2 43. Rg1 Kf7 44. Kh1 Kf6 45. Kh2 Rxg2+ 46. R1xg2 Rxg2+
0-1

[Event "DRUZYNOWE MISTRZOSTWA POLSKI JUNIOROW - II LIGA"]
[Site "Szczyrk, CKiR Orle Gniazdo ul. Wrzosowa 28a"]
[Date "2014-08-01"]
[Round "10.40"]
[White "Bakalarczyk, Jakub"]
[Black "Galuszka, Tomasz"]
[Result "1-0"]
[WhiteTitle "II"]
[BlackTitle "III"]
[WhiteElo "1457"]
[BlackElo "1344"]

1. d4 d5 2. c4 c6 3. Nc3 Nf6 4. Nf3 Bf5 5. Qb3 b6 6. cxd5 Nxd5 7. Bg5 Nxc3 8. Qxc3
Qd6 9. Rc1 e6 10. e3 a6 11. Be2 c5 12. O-O Nd7 13. Bf4 Qd5 14. a3 Bd6 15. Bxd6
Qxd6 16. dxc5 Qxc5 17. Qxg7 Qf8 18. Qxf8+ Kxf8 19. Nd2 Ke7 20. Bf3 Rac8 21. h4
e5 22. b4 Nf6 23. Bb7 Rxc1 24. Rxc1 Rd8 25. Nc4 Nd7 26. Bxa6 Be6 27. a4 Ra8 28.
Bb5 Bxc4 29. Rxc4 Ra7 30. Kf1 Nf6 31. f3 Nd5 32. Ke2 Rc7 33. Rxc7+ Nxc7 34. Bc4
f6 35. g4 h6 36. Kd3 Kd6 37. f4 exf4 38. exf4 Ne8 39. Ke4 Ng7 40. a5 bxa5 41.
bxa5 Kc6 42. a6 Kb6 43. Kd5 Kc7 44. Kc5 Ne8 45. Bd5 Kb8 46. Kb6 Nc7 47. a7+ Kc8
48. Be6+ Kd8 49. Kb7 1-0

[Event "DRUZYNOWE MISTRZOSTWA POLSKI JUNIOROW - II LIGA"]
[Site "Szczyrk, CKiR Orle Gniazdo ul. Wrzosowa 28a"]
[Date "2014-08-01"]
[Round "10.41"]
[White "Kordela, Monika"]
[Black "Wojna, Ewelina"]
[Result "1/2-1/2"]
[WhiteTitle "II"]
[BlackTitle "I"]
[WhiteElo "1342"]
[BlackElo "1565"]

1. d4 d5 2. c4 c6 3. Nf3 dxc4 4. Nc3 b5 5. a4 b4 6. Na2 e6 7. e4 Ba6 8. Be2 Nf6
9. Bg5 h6 10. Bxf6 Qxf6 11. O-O c5 12. Rc1 Be7 13. Bxc4 cxd4 14. Nxd4 O-O 15.
Bxa6 Nxa6 16. Nc6 Rfe8 17. Qe2 Nc5 18. e5 Qh4 19. Rc4 Qg5 20. f4 Qh4 21. g3 Qh3
22. Nxe7+ Rxe7 23. Rxc5 a5 24. Rfc1 Rd7 25. Rc8+ Rxc8 26. Rxc8+ Kh7 27. Qc2+ g6
28. Rc7 Rxc7 29. Qxc7 Kg7 30. Qxa5 Qf5 31. Nxb4 Qb1+ 32. Kg2 Qxb2+ 33. Kh3 Qe2
34. Qd8 h5 35. Qf6+ Kg8 36. Qg5 Qc4 37. Qe7 Qe2 38. Qg5 Qc4 39. Qd8+ Kg7 40. Qf6+
Kg8 41. Qd8+ Kg7 42. a5 Qxb4 43. a6 Qc5 44. Qd7 Qf2 45. a7 Qf1+ 46. Kh4 Qf3 47.
Kh3 Qg4+ 48. Kg2 Qe2+ 49. Kg1 Qe1+ 50. Kg2 1/2-1/2

[Event "DRUZYNOWE MISTRZOSTWA POLSKI JUNIOROW - II LIGA"]
[Site "Szczyrk, CKiR Orle Gniazdo ul. Wrzosowa 28a"]
[Date "2014-08-01"]
[Round "10.42"]
[White "Bakalarczyk, Zuzanna"]
[Black "Adamczyk, Zuzanna"]
[Result "0-1"]
[WhiteTitle "II"]
[BlackTitle "I"]
[WhiteElo "1239"]
[BlackElo "1238"]

1. d4 d5 2. c4 e6 3. Nc3 Nf6 4. Nf3 Nbd7 5. Bf4 c6 6. e3 Be7 7. Bd3 O-O 8. O-O
b6 9. Rc1 Bb7 10. Qc2 h6 11. a3 c5 12. Ne5 Nh5 13. Nxd7 Qxd7 14. Bg3 Nxg3 15.
hxg3 cxd4 16. exd4 dxc4 17. Bxc4 Qxd4 18. Bd3 Rfd8 19. Rfd1 Qc5 20. Qe2 Bg5 21.
Rc2 Qe7 22. Ne4 Rac8 23. Rxc8 Rxc8 24. Nxg5 Qxg5 25. Be4 Bxe4 26. Qxe4 Qe7 27.
Qe2 Rd8 28. Rc1 Qd7 29. Qe4 Qd2 30. Rc2 Qd1+ 31. Kh2 Qh5+ 32. Qh4 Qxh4+ 33. gxh4
Rd7 34. Kg3 Kf8 35. Kf3 Ke7 36. Ke4 f5+ 37. Ke3 e5 38. g3 Kd6 39. Rc3 Rc7 40.
Rd3+ Ke6 41. Rd2 Rd7 42. Rc2 e4 43. Rc3 Ke5 44. f3 exf3 45. Kxf3 g5 46. hxg5 hxg5
47. Re3+ Kd4 48. Re2 Kc4 49. Rc2+ Kb3 50. Re2 Rc7 51. Rd2 Rc2 52. Rd7 a5 53. Rd5
Rc5 54. Rd2 Rc2 55. Rd5 Kxb2 56. Rxf5 Rc5 57. Rf6 b5 58. Ra6 a4 59. Re6 Kxa3 60.
g4 b4 61. Re3+ Rc3 62. Rxc3+ bxc3 63. Ke2 Kb2 64. Kd1 c2+ 65. Ke2 c1=Q 66. Kd3
Qe1 67. Kc4 Qd2 68. Kc5 a3 69. Kb5 a2 70. Kc5 a1=Q 71. Kc4 Qac1+ 72. Kb5 Kb1 73.
Kb6 Qb4+ 74. Ka6 Qca3# 0-1

[Event "DRUZYNOWE MISTRZOSTWA POLSKI JUNIOROW - II LIGA"]
[Site "Szczyrk, CKiR Orle Gniazdo ul. Wrzosowa 28a"]
[Date "2014-08-01"]
[Round "10.43"]
[White "Kanicki, Krzysztof"]
[Black "Jajte-pachota, Maciej"]
[Result "1/2-1/2"]
[WhiteTitle "I+"]
[BlackTitle "I"]
[WhiteElo "2028"]
[BlackElo "1916"]

1. d4 Nf6 2. Nf3 g6 3. Bf4 c5 4. c3 Bg7 5. e3 d5 6. Be2 O-O 7. O-O Nc6 8. Nbd2
Qb6 9. Qb3 Qxb3 10. axb3 cxd4 11. exd4 h6 12. h3 g5 13. Bh2 Bf5 14. b4 a6 15.
Rfe1 e6 16. Ne5 Nxe5 17. Bxe5 Ne4 18. Bxg7 Kxg7 19. Nb3 Rfe8 20. Nc5 Nxc5 21.
bxc5 e5 22. dxe5 Rxe5 23. Bg4 Rxe1+ 24. Rxe1 Bxg4 25. hxg4 Kf6 26. g3 Rd8 27.
Rd1 Ke5 28. Rd4 Rc8 29. Rb4 Rxc5 30. f4+ Kf6 31. Rb6+ Kg7 32. Rxb7 gxf4 33. gxf4
Rc4 34. g5 hxg5 35. fxg5 Rg4+ 36. Kf2 Rxg5 37. Ra7 Rg6 38. Rd7 Rb6 39. b4 Rc6
40. Rxd5 Rxc3 41. Ra5 Rc6 42. b5 axb5 43. Rxb5 Kg6 44. Kf3 Rc4 45. Rb8 f6 46.
Rb5 Rc6 47. Ra5 Rb6 48. Rc5 Re6 49. Ra5 Re1 50. Rb5 Rg1 51. Kf4 Rg5 52. Rxg5+
fxg5+ 53. Kg4 Kf6 54. Kg3 Kf5 55. Kf3 g4+ 56. Kg3 Kg5 57. Kg2 1/2-1/2

[Event "DRUZYNOWE MISTRZOSTWA POLSKI JUNIOROW - II LIGA"]
[Site "Szczyrk, CKiR Orle Gniazdo ul. Wrzosowa 28a"]
[Date "2014-08-01"]
[Round "10.44"]
[White "Golda, Sebastian"]
[Black "Marko, Piotr"]
[Result "1/2-1/2"]
[WhiteTitle "I"]
[BlackTitle "II"]
[WhiteElo "1730"]
[BlackElo "1628"]

1. e4 d5 2. exd5 Qxd5 3. Nc3 Qd6 4. d4 Nf6 5. Bc4 a6 6. h3 e6 7. Nge2 b5 8. Bb3
Bb7 9. O-O c5 10. dxc5 Qxd1 11. Rxd1 Bxc5 12. Bg5 Bb6 13. Rd2 Nbd7 14. Rad1 Nc5
15. Nc1 Nfe4 16. Nxe4 Nxe4 17. Rd7 Bc6 18. R7d6 Nxd6 19. Rxd6 Rc8 20. Kf1 h6 21.
Bh4 g5 22. Bg3 Ke7 23. Rd1 Rhd8 24. Nd3 Bd5 25. Bxd5 Rxd5 26. Rd2 Ba5 27. c3 b4
28. cxb4 Bxb4 29. Rd1 Rc2 30. a3 Bd6 31. Bxd6+ Rxd6 32. Ke1 f6 33. Rd2 Rxd2 34.
Kxd2 e5 35. Ke3 Ke6 36. g4 Kd5 37. b4 Kc4 38. Nc5 a5 39. Ne4 Rd3+ 40. Ke2 a4 41.
b5 Rxa3 42. b6 Rb3 43. Nd2+ Kc5 44. Nxb3+ Kxb6 45. Nd2 Kc5 46. Kd3 a3 47. Nb3+
Kb4 48. Kc2 Kc4 49. f3 a2 50. Na1 e4 51. fxe4 Kd4 52. Kd2 Kxe4 53. Ke2 f5 1/2-1/2

[Event "DRUZYNOWE MISTRZOSTWA POLSKI JUNIOROW - II LIGA"]
[Site "Szczyrk, CKiR Orle Gniazdo ul. Wrzosowa 28a"]
[Date "2014-08-01"]
[Round "10.45"]
[White "Miszkielo, Bartosz"]
[Black "Flach, Rajmund"]
[Result "1-0"]
[WhiteTitle "I"]
[BlackTitle "II"]
[WhiteElo "1678"]
[BlackElo "1353"]

1. Nf3 Nf6 2. c4 e6 3. b3 b6 4. Bb2 Bb7 5. d3 d5 6. Nbd2 Bd6 7. a3 O-O 8. Qc2 Nbd7
9. Rg1 c5 10. e3 Qe7 11. g4 e5 12. g5 Ne8 13. cxd5 Bxd5 14. e4 Be6 15. Nc4 Bxc4
16. dxc4 f6 17. Nh4 fxg5 18. Nf5 Qf6 19. Qd2 Kh8 20. O-O-O Bc7 21. Qxd7 Rf7 22.
Qd2 h6 23. Be2 Rd8 24. Qe3 Nd6 25. Nxd6 Rxd6 26. Rxd6 Bxd6 27. f3 Qf4 28. Qxf4
Rxf4 29. Rd1 Rf6 30. Rd5 a5 31. Bxe5 Bxe5 32. Rxe5 Kg8 33. Kd2 Kf7 34. Ke3 Rf4
35. Rf5+ Rxf5 36. exf5 Kf6 37. Ke4 1-0

[Event "DRUZYNOWE MISTRZOSTWA POLSKI JUNIOROW - II LIGA"]
[Site "Szczyrk, CKiR Orle Gniazdo ul. Wrzosowa 28a"]
[Date "2014-08-01"]
[Round "10.47"]
[White "Rogacka, Natalia"]
[Black "Jedrocha, Katarzyna"]
[Result "1/2-1/2"]
[WhiteTitle "II+"]
[BlackTitle "I+"]
[WhiteElo "1509"]
[BlackElo "1723"]

1. e4 c6 2. Ne2 d5 3. e5 c5 4. d4 Nc6 5. c3 cxd4 6. cxd4 Qb6 7. Nbc3 e6 8. b3 Bb4
9. Bb2 Nh6 10. a3 Bxc3+ 11. Bxc3 Nf5 12. g3 Bd7 13. Bh3 Nce7 14. Qc2 Rc8 15. Qb2
Bb5 16. Bg4 O-O 17. O-O Rc6 18. a4 Bxe2 19. Bxe2 Rfc8 20. Rac1 a6 21. Bd3 Qa7
22. Rc2 Qb8 23. Rfc1 h6 24. Bb4 Rxc2 25. Rxc2 Rxc2 26. Bxc2 Nc6 27. Bc3 Nfe7 28.
Bd3 Qa7 29. b4 Nc8 30. b5 axb5 31. axb5 Na5 32. Bxa5 Qxa5 33. Qc1 Ne7 34. Qc5
Qd8 35. Qd6 Qe8 36. Qc7 g6 37. Qxb7 Nf5 38. Bxf5 gxf5 39. Qc6 Qe7 40. Qc5 Qg5
41. Qc3 Qd8 42. Kg2 Kg7 43. Qc5 Qa5 44. b6 Qe1 45. Qc2 Qb4 46. Qc5 Qe1 47. h3
Qe4+ 48. Kh2 Qe2 49. Kg2 Qe4+ 50. Kf1 Qd3+ 51. Ke1 Qb1+ 52. Ke2 Qb2+ 53. Ke1 Qb1+
54. Kd2 Qb2+ 55. Ke3 Qb3+ 56. Kd2 Qb2+ 57. Ke1 Qb1+ 58. Kd2 Qb2+ 1/2-1/2

[Event "DRUZYNOWE MISTRZOSTWA POLSKI JUNIOROW - II LIGA"]
[Site "Szczyrk, CKiR Orle Gniazdo ul. Wrzosowa 28a"]
[Date "2014-08-01"]
[Round "10.48"]
[White "Furtak, Joanna"]
[Black "Czarniecka, Aleksandra"]
[Result "1/2-1/2"]
[WhiteTitle "I"]
[BlackTitle "I"]
[WhiteElo "1425"]
[BlackElo "1260"]

1. e4 c5 2. Nf3 d6 3. d4 cxd4 4. Nxd4 Nf6 5. Nc3 a6 6. Be3 Nbd7 7. Be2 e6 8. Qd2
Be7 9. O-O O-O 10. f4 Qc7 11. Rad1 b5 12. a3 Bb7 13. Bf3 Nc5 14. e5 dxe5 15. fxe5
Nfe4 16. Nxe4 Nxe4 17. Bxe4 Bxe4 18. Bf4 Rfd8 19. c3 Bd5 20. Bg5 Bc4 21. Bxe7
Qxe7 22. Rf2 Qc5 23. Qf4 Rf8 24. Re1 Bd3 25. Re3 Bg6 26. Rff3 Rad8 27. Rg3 Rd5
28. h4 Qe7 29. Rh3 f6 30. exf6 Rxf6 31. Qb8+ Rf8 32. Qb6 e5 33. Qxa6 e4 34. Qe6+
Qxe6 35. Nxe6 Rd1+ 36. Kh2 Rff1 37. Ng5 Bf5 38. g4 Bxg4 39. Rhg3 Rh1+ 40. Kg2
Rhg1+ 41. Kh2 Rh1+ 42. Kg2 Rdg1+ 43. Kf2 Rf1+ 44. Kg1 Rh2+ 45. Kxh2 1/2-1/2

[Event "DRUZYNOWE MISTRZOSTWA POLSKI JUNIOROW - II LIGA"]
[Site "Szczyrk, CKiR Orle Gniazdo ul. Wrzosowa 28a"]
[Date "2014-08-01"]
[Round "10.49"]
[White "Banach, Szymon"]
[Black "Kulas, Szymon"]
[Result "0-1"]
[WhiteTitle "I+"]
[BlackTitle "I++"]
[WhiteElo "1891"]
[BlackElo "2005"]

1. e4 e6 2. Qe2 c5 3. f4 b6 4. Nc3 Ba6 5. d3 Nc6 6. Nf3 g6 7. g3 Bg7 8. Bg2 Rc8
9. f5 Nd4 10. Nxd4 cxd4 11. Nb1 Qc7 12. Na3 Bf8 13. fxg6 hxg6 14. O-O Bxa3 15.
bxa3 Qxc2 16. Qf3 Rh7 17. Rd1 f6 18. e5 Bb7 19. Qxb7 Qxd1+ 20. Bf1 Rxc1 0-1